000 01528nam a22002897a 4500
001 1409
005 20231002103932.0
020 _a9789924340249
040 _aFISKH
_beng
_cFISKH
_dFISKH
082 _a649.122
100 _aSomaly, Yaem
245 _aវិធីចិញ្ចឹមកូនឳ្យបានល្អ ពី ០ ដល់ ៦ឆ្នាំ /
250 _aបោះពុម្ពលើកទី ៣ សីហា​ ២០២១
260 _aPhnom Penh :
_bSipar,
_c2021.
300 _a44 pages :
_bcolor illustrations ;
_c28 cm
490 _aបំនិនជីវិត
505 _aZ'
520 _aបង្ហាញពីវិធីសាស្រ្ត និង គន្លិះងាយៗដើម្បីចញ្ចឹមកូន ឳ្យមានសុខភាពល្អ មានប្រាជ្ញាឈ្លាសវៃ រក្សាបានទំនាក់ទំនងល្អ​​ ជាមួយម្ដាយឪពុក និងចេះទទួលខុសត្រូវ ។
520 _aDemonstrate simple methods and tips to raise healthy, intelligent children, to maintain good relationships with parents and be responsible​ child.
521 _a1120
_bLexile estimate
521 _aZ'
_bRaz-Plus
650 _aគន្លឹះ
_vចញ្ចឹម
_xទំនាក់ទំនង
650 _aTips
_vRaise
_xRelation
700 _aKoursa, Yerng
_cAuthor
700 _aRotha, Ouk
_cillustrator
942 _2ddc
_cBK
_n0
999 _c1409
_d1409